| 000 | 00562nam a22001937a 4500 | ||
|---|---|---|---|
| 003 | CEME | ||
| 005 | 20210628203229.0 | ||
| 008 | 210203b xxu||||| |||| 00| 0 eng d | ||
| 020 | _a0495107573 | ||
| 040 | _c. | ||
| 082 | _a519.5 HAY | ||
| 100 |
_aHayter, Anthony J _9165 |
||
| 245 | _aProbability and statistics for engineers and scientists | ||
| 250 | _a3RD | ||
| 260 |
_aBRAZIL _bTHOMSON _c2007 |
||
| 300 | _aXVIII, 811P | ||
| 650 |
_aENGINEERING-STATISTICAL METHODS , .PROBABILITY AND STATISTICS FOR ENGINEERS AND SCIENTISTS _964142 |
||
| 942 |
_cBK _2ddc |
||
| 999 |
_c572746 _d572746 |
||